| 000 | 00731cab a2200217 4500 | ||
|---|---|---|---|
| 001 | WB3010-40 | ||
| 008 | 090401t1994 xxu||||| |||| 00| 0 eng d | ||
| 035 | _a(Sirsi) u82390 | ||
| 041 | _aeng | ||
| 245 | _aDraft regulations | ||
| 260 | _c1994 | ||
| 350 | _a0 | ||
| 490 |
_aPlanning (for the Natural and Built Environment) _v(1058) 4 March 1994, 4(1) |
||
| 520 | _aThe Department of Transport have announced a package of proposals to streamline and speed up highways inquiries. | ||
| 650 | _aCONSULTATION DOCUMENT | ||
| 650 | _aPLANNING INQUIRIES | ||
| 650 | _aPROPERTY-INFRASTRUCTURE-TRANSPORT INFRASTRUCTURE-ROAD INFRASTRUCTURE | ||
| 690 | _aHIGHWAYS RIGHTS OF WAY AND EASEMENTS | ||
| 942 | _n0 | ||
| 948 | _c04/03/1997 | ||
| 999 |
_c52010 _d52010 |
||